000
00309nam a22001337a 4500
008
170505b xxu||||| |||| 00| 0 eng d
020
_a
9780135137574
041
_a
eng
080
_2
10 ED
_a
343.9
100
_a
14
101
_a
SHJ
245
_a
CRIMINAL JUSTICE TODAY
_c
SCHMALLEGER.F
942
_2
udc
_c
BK
999
_c
12833
_d
12833